| 000 | 00619nam a2200193Ia 4500 | ||
|---|---|---|---|
| 003 | GCL | ||
| 008 | 140319s9999 xx 000 0 ara d | ||
| 040 |
_aGCL / _cGCL |
||
| 082 | 0 | 4 |
_a301 _bا م |
| 100 | 1 | _aاسماعيل على سعد | |
| 245 | 1 | 0 |
_aالمدخل الى علم الاجتماع السياسى / _cاسماعيل على سعد |
| 300 | _a340 ص | ||
| 490 |
_aفى السياسة والمجتمع _v0 |
||
| 650 | 0 | 4 | _aالاجتماع |
| 650 | 0 | 4 | _aالحرب والمجتمع |
| 650 | 0 | 4 | _aالحركات الاجتماعية |
| 650 | 0 | 4 | _aعلم الاجتماع السياسى |
| 942 |
_2ddc _cBK |
||
| 999 |
_c46004 _d46004 |
||